01513nam a22002537a 4500001001000000003001100010005001700021008004100038040001800079050001900097082001100116100003000127240017800157245016800335260004500503300001700548500004300565500012700608500004900735500018800784505021500972650003701187651003501224BRCA_9268FranzMayer20230719123421.0230719b |||||||| |||| 00| 0 eng d aMFMbespcMFM 4aCO65bG37 1805 2CD.A381 4AutoraGarriga, Don Josef1 aContinuacion y suplemento del prontuario de D. Severo AguirrehQue comprende las cédulas, resoluciones &c. expedidas el año de 1804 y algunas de las anterioreslespaño0 aContinuacion y suplemento del prontuario de D. Severo AguirrebQue comprende las cédulas, resoluciones &c. expedidas el año de 1804 y algunas de las anteriores aMadrid, EspañabImprenta de Ruizc1805 a463 pc21 cm aCon privilegio de la Corona Española aLa página 43 lleva el nombre de Bandera de Buenos-Ayres y sobresale debido a que es el doble del tamaño de las demás aAnotaciones al inicio del libro con lápiz  aEntre la páginas 52 y 53 un material fue arrancado del libro dejando solo unas pequeñas marcas del mismo, posiblemente un material complementario ya que no afecta la numeración 0 aTexto en: españolDirigido a: Historiadores, sociólogos, antropólogos o cualquier otra persona con interés en las tierras de Aguirre o de la Corona Española en el siglo XIX.Incluye índice temático 1 2DiplomaciaaArchivosvProntuario 2ProntuarioaCédulasvAguirre